000 00753nam a2200205Ia 4500
003 GCL
008 140319s9999 xx 000 0 ara d
040 _aGCL /
_cGCL
082 0 4 _a025
_bك ذ
100 1 _aسعد محمد الهجرسى
245 1 0 _aالذاكرة الخارجبة وامتداداتها: دراسة فى علم المعلومات والاتصال /
_cسعد محمد الهجرسى
700 1 _aحشمت قاسم
700 1 _aكمال عرفان نبهان
260 _aالقاهرة :
_bالمكتبة الاكاديمية ،
_c1995
300 _a227 ص ؛
_c22سم
650 0 4 _aالذاكرة
650 0 4 _aاختزان واسترجاع المعلومات
650 0 4 _aالمعلومات، علم
942 _2ddc
_cBK
999 _c36946
_d36946